The First U.S. President to . . . (Click quiz) - Statistics

General Stats
  • This quiz has been taken 50 times
  • The average score is 7 of 45
Answer Stats
Hint Answer % Correct
. . . live in the White House Adams
65%
. . . be a senator for more than 35 years Biden
62%
. . . be a bachelor Buchanan
50%
. . . marry three times Trump
38%
. . . send an email Clinton
32%
. . . be impeached A Johnson
29%
. . . appoint a woman to the Supreme Court Reagan
29%
. . . appoint an African-American to the Supreme Court LB Johnson
24%
. . . be elected twice to both the Presidency and Vice-Presidency Nixon
24%
. . . ascend to the Presidency by the death of his predecessor Tyler
24%
. . . get married at the White House Cleveland
21%
. . . appear on TV F Roosevelt
21%
. . . command an army in the field while in office Washington
21%
. . . be born a citizen of the United States, rather than a British subject Van Buren
18%
. . . be born in a hospital Carter
15%
. . . be filmed with sound Coolidge
15%
. . . be born in the 1800s Fillmore
15%
. . . win a presidential election after previously losing one Jefferson
15%
. . . travel outside the U.S. while in office T Roosevelt
15%
. . . be elected despite receiving fewer votes than his opponent JQ Adams
12%
. . . be born outside the original 13 colonies Lincoln
12%
. . . ride in an automobile McKinley
12%
. . . have served in no prior elected office Taylor
12%
. . . die before age 50 Garfield
9%
. . . be married for more than 70 years GHW Bush
9%
. . . appear on a radio broadcast Harding
9%
. . . have the same vice president as his predecessor Madison
9%
. . . not seek re-election after his first term Polk
9%
. . . throw out a ceremonial first pitch Taft
9%
. . . attend an Olympic Games in a foreign country while in office GW Bush
6%
. . . be born west of the Mississippi River Hoover
6%
. . . seek a 2nd term but fail to be nominated by his party Pierce
6%
. . . have a secret service code name Truman
6%
. . . have his photograph taken while in office WH Harrison
6%
. . . hold a press conference Wilson
6%
. . . have an elevator installed in the White House Arthur
3%
. . . have a lighted Christmas tree at the White House B Harrison
3%
. . . receive a knighthood from a foreign nation Eisenhower
3%
. . . release a full medical report to the public Ford
3%
. . . have a mustache Grant
3%
. . . have a telephone installed in the White House Hayes
3%
. . . have been a Boy Scout Kennedy
3%
. . . ride on a steamboat Monroe
3%
. . . publish a scientific paper while in office Obama
3%
. . . ride on a railroad train Jackson
0%
No matching quizzes found
Score Distribution
Percent of People with Each Score
Percentile by Number Answered
Your Score History
You have not taken this quiz